| 000 | 00794nas a2200277 4500 | ||
|---|---|---|---|
| 001 | BR8803679 | ||
| 003 | BR-BrBNA | ||
| 005 | 20231205091201.0 | ||
| 007 | ta | ||
| 008 | 230509b bl.|||p| |||| 00| 00por d | ||
| 040 |
_aBR-BrBNA _bpor _cBiblioteca Nacional de Agricultura |
||
| 041 | _a(Pt) | ||
| 072 | _aF03 | ||
| 100 | 1 | _aMarcos Filho, J. | |
| 100 | 1 | _aKomatsu, Y.H. | |
| 100 | 1 | _aNovember, A.D.L.C. | |
| 100 | 1 | _aFratin, P. | |
| 100 | 1 | _aDemetrio, C.G.B. | |
| 245 | 1 | _aTamanho da semente e desempenho do girassol: 2. vigor | |
| 650 | _aGIRASSOL | ||
| 650 | _aSEMENTE | ||
| 650 | _aTESTE DE VIGOR | ||
| 773 | 0 |
_tRevista Brasileira de Sementes (Brazil) _xISSN 0101-3122 _g(1986), v. 8(2) p. 21-32 _wBR8803679 |
|
| 909 |
_a202311 _bLúcia _c55 _dLúcia Elande |
||
| 942 |
_2AGRIS _n0 _cANA |
||
| 999 |
_c123400 _d123400 |
||